00644nam a22001577a 4500003000400000020001800004100001600022245005300038260003700091300001000128650002500138942001200163999001700175952014700192952014700339OSt a9788196680152 aGOEL, Rahul aKnowledge Petals 8 : Chemistry in Everyday Life  aNew Delhi,bNaples India:c2024. a370p. aFaculty Publication  2ddccBK c13150d13150 00102ddc40708Faculty PublicationaPIETbPIETd2025-02-15eNaples IndiafINRg550.00l0p38731r2025-02-15 00:00:00v550.00w2025-02-04yBK 00102ddc40708Faculty PublicationaPIETbPIETd2025-02-21eNaples IndiafINRg550.00l0p38668r2025-02-21 00:00:00v550.00w2025-02-04yBK